| 000 | 00511nam a2200205Ia 4500 | ||
|---|---|---|---|
| 005 | 20240823022054.0 | ||
| 008 | 240823s9999||||xx |||||||||||||| ||und|| | ||
| 020 | _a9814-12-679-9 | ||
| 041 | _aENGLISH | ||
| 082 | _A621.3191 P3 | ||
| 100 | _aArrillaga J | ||
| 245 | 0 | _aComputer Modelling of Electrical Power Systems | |
| 250 | _a2nd | ||
| 260 |
_c2003 _b"John Wiley & Sons,New " |
||
| 500 | _aYES | ||
| 650 |
_aElectrical Power _bElectrical |
||
| 700 | _a Watson N R | ||
| 942 | _cBK | ||
| 999 |
_c178307 _d178307 |
||